00580 a2200169 4500020001500000040000800015082001800023100003000041245004200071260004600113300002000159500001900179650002900198942002500227999001500252952014300267 a9693505891 aDLC a891.4391bIQB aIqbal, M. Allama.9119432 aShikwa Jawab e ShikwacAllama M Iqbal aLahore:bSang-e-meel Publications,c2001. a32 p. ;c22 cm. aIncludes Index aLiterature- urdu9119433 cBKk891.439 IQB2ddc c5232d5232 00102ddc4070aCLbCLcGENd2002-09-23eIdris Book Bank g25.50l4m3o891.4391 IQBpSEECS002501r2024-09-11s2020-02-04w2017-01-05yBK